Normal view MARC view
  • ARTIFICIAL JOINTS- BEARINGS MATERIALS- CONGRESSES, TRIBOLOGY -CONGRESSES

Entry Topical Term

Number of records used in: 1

001 - CONTROL NUMBER

  • control field: 61986

003 - CONTROL NUMBER IDENTIFIER

  • control field: NUST

005 - DATE AND TIME OF LATEST TRANSACTION

  • control field: 20210628202844.0

008 - FIXED-LENGTH DATA ELEMENTS

  • fixed length control field: 210628|| aca||aabn | a|a d

040 ## - CATALOGING SOURCE

  • Original cataloging agency: NUST
  • Transcribing agency: NUST

150 ## - HEADING--TOPICAL TERM

  • Topical term or geographic name entry element: ARTIFICIAL JOINTS- BEARINGS MATERIALS- CONGRESSES, TRIBOLOGY -CONGRESSES

670 ## - SOURCE DATA FOUND

  • Source citation: Work cat.: (NUST): Jacobs, Joshua J Craig, Thomas.L 61985, Alternative bearing surfaces in total joint replacement, 1998
© 2023 Central Library, National University of Sciences and Technology. All Rights Reserved.